01626 2200205 4500001002100000005001500021035002000036008004100056245004800097100002100145250000600166260003800172300001200210084001400222082000800236650001000244520114200254990001201396990001201408INLIS00000000000087220240604094119 a0010-0524000107240604 1 ind 1 aJauh Dimuka Dekat Dihati /cRatri Desmayana aDesmayana, Ratri a1 aYogyakarta :bSheila/ Andi,c2014 a164 hlm a813 RAT j a813 4aFiksi aPada suatu sore, di dunia mimpi Juki, Juki sedang asyik menikmati pemandangan di taman. Dia di sana sendirian dengan memakai baju seragam. Anehnya tidak ada seorang pun di situ kecuali dia. Sedang asyiknya berjalan-jalan, dia ketemu ama Kepet dkk. Kepet dkk tertawa girang sambil menunjukkan muka sok jagoannya ke Juki. Melihat aksi Kepet, dia memilih menghindar dan pergi. Dia takut bakalan kena palak lagi atau malah digundulin. Bisa-bisa nasib apesnya terulang kembali. Kaki Juki rasanya seperti dilem, nggak bisa diangkat. Lhoh... kenapa ini? Juki gelagapan sambil mengangkat kakinya pakai kedua tangannya. Kepet malah tertawa terbahak-bahak. Juk... Juki... tolong....! Tiba-tiba ada suara cewek. Juki mencari sumber suara. Ternyata Verica tangan dan kakinya dirante ama Kepet. Verica diseret-seret kayak tahanan. Suara Verica terdengar sangat lemah, mukanya penuh dengan luka cambukan, bajunya sobek-sobek kayak gelandangan. Hei, kamu apakan Vericaku? tanya Juki. Ha... ha... ha... ha... Kepet malah mengeluarkan cambuknya. Cuetar... cuetar ! Penasaran kan, yuk ikuti kisah kocak dan gokilnya Juki di dalam cerita novel ini! a0741344 a0741345